Producción, ciencia y sociedad
Guardat en:
| Autor principal: | |
|---|---|
| Format: | Llibre |
| Idioma: | espanyol |
| Publicat: |
Ciudad de México
Siglo Veintiuno
1969
|
| Col·lecció: | Teoría y Crítica
|
| Matèries: | |
| Etiquetes: |
Afegir etiqueta
Sense etiquetes, Sigues el primer a etiquetar aquest registre!
|
MARC
| LEADER | 00000nam a2200000 a 4500 | ||
|---|---|---|---|
| 001 | UCO0264 | ||
| 003 | CL-VaPUC | ||
| 008 | 000420e19690000MX |||||||||||||||||spa|d | ||
| 082 | 0 | 4 | |a 335.401 |b LAB |2 21 |
| 100 | |a Labastida, Jaime |e author |9 549987 | ||
| 245 | 1 | 0 | |a Producción, ciencia y sociedad |
| 300 | |a 233 p | ||
| 942 | |c BK | ||
| 945 | |d 20000420 00:00:00 |a crobeson | ||
| 260 | |a Ciudad de México |b Siglo Veintiuno |c 1969 | ||
| 600 | 0 | |a Descartes, René |e autor |9 265906 | |
| 600 | 0 | |a Marx, Karl Heinrich, |d 1818-1883 |9 861123 | |
| 650 | 0 | |a Filosofía marxista |9 337959 | |
| 650 | 7 | |a MARXISMO |2 CL-VaPUC |9 441411 | |
| 650 | 0 | |a Filosofía moderna |9 258121 | |
| 650 | 7 | |a MATERIALISMO DIALECTICO |2 CL-VaPUC |9 315449 | |
| 583 | |a last modification |c 20000420 00:00:00 |k Rodrigo Vera | ||
| 490 | 0 | |a Teoría y Crítica | |
| 999 | |c 286979 |d 286977 | ||
| 952 | |0 0 |1 0 |4 0 |6 335_401000000000000_LAB_1969 |7 0 |8 A |9 333267 |a BIBHIS |b BIBHIS |d 2019-11-20 |i 1270206 |o 335.401 LAB 1969 |p 1270206 |r 2025-01-20 |w 2019-11-20 |y BK |k HIS | ||